| 000 | 00471nam a22001577a 4500 | ||
|---|---|---|---|
| 008 | 230425b |||||||| |||| 00| 0 eng d | ||
| 040 |
_aNational Science Library _cNational Science Library |
||
| 080 |
_a528.71 _bL8;M7 |
||
| 100 | 1 |
_aSabins, Floyd F _97470 |
|
| 245 |
_aRemote sensing: _bPrinciples and interpretation |
||
| 250 | _a2nd ed. | ||
| 260 |
_aNew York: _bW H Freeman and Company, _c1978 |
||
| 300 | _ax, 449p. | ||
| 650 | _aRemote sensing | ||
| 942 |
_2udc _cBK |
||
| 999 |
_c23426 _d23426 |
||